000 00975nam a2200277Ia 4500
999 _c2191
_d2191
001 55000428
003 OCoLC
005 20181009162241.0
008 040422s2003 miub d 000 0 eng d
010 _z2001026577
020 _z0310233437 (alk. paper)
040 _aMPI
_cMPI
_dMSC
082 _aREF 220.5
_bS923S
090 _aBS425
_b.S8 2003
100 1 _aStrong, James,
_d1822-1894.
245 1 4 _aThe strongest Strong's exhaustive concordance of the Bible /
_cJames Strong.
250 _a[21st century ed.] fully rev. and corrected /
_bby John R. Kohlenberger III and James A. Swanson.
260 _aGrand Rapids, Mich. :
_bZondervan,
_c[2003]
300 _axvi, 1854 p. :
_bmaps ;
_c29 cm.
630 0 0 _aBible
_vConcordances, English.
650 0 _aHebrew language
_vDictionaries
_xEnglish.
650 0 _aGreek language, Biblical
_vDictionaries
_xEnglish.
700 1 _aKohlenberger, John R.,
_cIII,
_d1951-
700 1 _aSwanson, James A.,
_d1952-
942 _2ddc
_cREF